Normal view
MARC view
- ELECTROMAGNETIC WAVES AND RADIATING SYSTEMS
Entry Topical Term
001 - CONTROL NUMBER
- control field: 56100
003 - CONTROL NUMBER IDENTIFIER
- control field: NUST
005 - DATE AND TIME OF LATEST TRANSACTION
- control field: 20210628201630.0
008 - FIXED-LENGTH DATA ELEMENTS
- fixed length control field: 210628|| aca||aabn | a|a d
040 ## - CATALOGING SOURCE
- Original cataloging agency: NUST
- Transcribing agency: NUST
150 ## - HEADING--TOPICAL TERM
- Topical term or geographic name entry element: ELECTROMAGNETIC WAVES AND RADIATING SYSTEMS
670 ## - SOURCE DATA FOUND
- Source citation: Work cat.: (NUST): Jordan, Edward C ,Balmain, Keith G 56099, Electromagnetic waves and radiating systems, 2003
